Pokémon platine tout les combats (partie 2) - Statistiques

Statistiques générales
  • Ce quiz a été pris 9 fois
  • Le résultat moyen est 222 sur 487
Statistiques - réponses
Hint Réponse % Correct
Léviator
86%
Nosféralto
86%
Onix
86%
Ouvrier Norbert | Ouvrier Roger Racaillou
86%
Dracologue Georges | Karatéka Akira Draco
71%
Dracologue Nicolas Dracolosse
71%
Grolem
71%
Machopeur
71%
Karatéka Hiro Mackogneur
71%
Pêcheur Christophe | Pêcheur Dominique | Pêcheur Jordy Magicarpe
71%
Dracologue Sébastien Minidraco
71%
Moufouette
71%
Sbire galaxie & sbire galaxie Nosférapti
71%
Pingoléon
71%
Steelix
71%
Torterra
71%
Nageuse Tanya Castorno
57%
Chaffreux
57%
Chaglam
57%
Corboss
57%
Cradopaud
57%
Chef galaxie Hélio | Conseil 4 Adrien Démolosse
57%
Dimoret
57%
Elekable
57%
Topdresseur Benjamin | Topdresseur Isabelle | Topdresseur Octavio Elektek
57%
Etouraptor
57%
Galopa
57%
Montagnard Marcel | Montagnard Nassim Gravalanch
57%
Luxio
57%
Champion Tanguy & Conseil 4 Adrien | Richard Emilien | Topdresseur Caroline Luxray
57%
Machoc
57%
Maganon
57%
Magmar
57%
Moufflair
57%
Nageur Gilles Mustéflott
57%
Vénérable Ewan Rattatac
57%
Roserade
57%
Scarhino
57%
Rival (starter feu) Simiabraz
57%
Pkmn Ranger Gauthier Airmure
43%
Alakazam
43%
Dracologue Bruno | Dracologue Igor Altaria
43%
Apireine
43%
Archéodong
43%
Archéomire
43%
Azumarill
43%
Conseil 4 Terry Barbicha
43%
Pêcheur Ludovic Barloche
43%
Blizzaroi
43%
Skieur Geneviève | Skieur Malik | Topdresseur Juan Blizzi
43%
Bouldeneu
43%
Branette
43%
Carchacrok
43%
Carmache
43%
Charkos
43%
Combattante Alison Charmina
43%
Karatéka Koichi Coatox
43%
Skieuse Marilou | Topdresseur Patrick Cochignon
43%
Cornèbre
43%
Coudlangue
43%
Démanta
43%
Dracologue Bryan Draby
43%
Drackhaus
43%
Drattak
43%
Ectoplasma
43%
Champion Gladys | Chef galaxie Hélio | Skieur Edouard | +2 others Farfuret
43%
Flagadoss
43%
Gallame
43%
Gardevoir
43%
Givrali
43%
Dracologue Joël | Dracologue Sasha | Dracologue Xav Griknot
43%
Vénérable Clément Grotadmorv
43%
Hippodocus
43%
Hippopotas
43%
Hypocéan
43%
Insécateur
43%
Kadabra
43%
Kicklee
43%
Kirlia
43%
Pkmn Ranger Maud Linéon
43%
Lokhlass
43%
Lombre
43%
Nageuse Heidi Lovdisc
43%
Lucario
43%
Ludicolo
43%
Magnéti
43%
Elève Jean-Paul Magnéton
43%
Magnézone
43%
Malosse
43%
Topdresseur Gilbert Mammochon
43%
Mangriff
43%
Topdresseur Aurélien Maraiste
43%
Skieur Marie-Ange | Skieur Natan Marcacrin
43%
Nageuse Patricia | Nageuse Valentine Marill
43%
Mentali
43%
Milobellus
43%
Momartik
43%
Agent Edmond | Ornithologue Eloïse Noarfang
43%
Noctunoir
43%
Nostenfer
43%
Obalie
43%
Octillery
43%
Topdresseur Antoine | Topdresseur Maxence Oniglali
43%
Elève Charlène Pachirisu
43%
Nageur Aubin Phogleur
43%
Topdresseur Basile Pifeuil
43%
Poké Enfant Angèle Pikachu
43%
Poissoroy
43%
Kinésiste Mitch Polichombr
43%
Porygon 2
43%
Vénérable Valéry Porygon Z
43%
Ruinemaniac Mario Ptéra
43%
Pyroli
43%
Guitariste John Raichu
43%
Kinésiste Manon Ramoloss
43%
Rhinastoc
43%
Rhinocorne
43%
Topdresseur Hippolyte Rhinoféros
43%
Vénérable Léonard Riolu
43%
Ronflex
43%
Scorvol
43%
Kinésiste Wolfgang Spectrum
43%
Maître Cynthia Spiritomb
43%
Topdresseur Paul-Alain Staross
43%
Montagnard Tomy Tarinor
43%
Tarinorme
43%
Tetarte
43%
Tritosor
43%
Topdresseur Olivia Tropius
43%
Tygnon
43%
Champion Tanguy Voltali
43%
Xatu
43%
Conseil 4 Aaron Yanméga
43%
Absol
29%
Nageuse Véréna | Topdresseur Bertrand | Topdresseur Madeleine Akwakwak
29%
Nageuse Nathy Arakdo
29%
Arbok
29%
Marin Lorens | Nageur Jacques Babimanta
29%
Barpau
29%
Békipan
29%
Topdresseur Adam Capidextre
29%
Nageur Placide Carvanha
29%
Karatéka Hiroshi | Karatéka Willy Chapignon
29%
Cizayox
29%
Topdresseur Léon Colossinge
29%
Drascore
29%
Ecayon
29%
Elecsprint
29%
Kinésiste Emily | Kinésiste Katy Eoko
29%
Ornithologue Graziella Etourvol
29%
Karatéka Bruce Férosinge
29%
Kinésiste Olaf Feuforêve
29%
Feunard
29%
Pkmn Ranger Tessa Galegon
29%
Marin Oscar | Nageuse Edwige Goélise
29%
Grahyèna
29%
Grodrive
29%
Kaorine
29%
Dracologue Clint Kraknoix
29%
Lanturn
29%
Topdresseur Ninon Leuphorie
29%
Canon Betty | Topdresseur Lilou Lockpin
29%
Duo Pati & Joe | Nageuse Jade | Nageuse Sylviane Luminéon
29%
Magirêve
29%
Makuhita
29%
Topdresseur Sabine Mélodelfe
29%
Topdresseur Laurence Métalosse
29%
Topdresseur Bilal Métang
29%
Conseil 4 Lucio | Kinésiste Katelyn | Topdresseur Grégory M.mime
29%
Ornithologue Charlotte Nirondelle
29%
Vénérable Dimitri Parasect
29%
Ornithologue Louise Rapasdepic
29%
Ninja Fan Alexandre Rapion
29%
Flotteur Benji | Flotteur Léa | Nageur Sauveur Rémoraid
29%
Roucarnage
29%
Kinésiste Flavie Séléroc
29%
Topdresseur Kelly Séviper
29%
Sharpedo
29%
Simularbre
29%
Kinésiste Antonin Solaroc
29%
Skieur Frédéric | Skieuse Julie | Topdresseur Christine Stalgamin
29%
Topdresseur Yann Tauros
29%
Tengalice
29%
Nageur Emile Tentacruel
29%
Téraclope
29%
Togekiss
29%
Togetic
29%
Vibraninf
29%
Vortente
29%
Topdresseur Virgile Ymphect
29%
Nageuse Marthe Cadoizo
14%
Canarticho
14%
Topdresseur Tamia Cotovol
14%
Karatéka Dasuike | Karatéka Toshi | Topdresseur Karl Débugant
14%
Topdresseur Nancy Delcatty
14%
Donphan
14%
Ecrapince
14%
Excelangue
14%
Pkmn Ranger Wendy Floravol
14%
Vénérable Gaspard Foretress
14%
Granbull
14%
Topdresseur Laura Grodoudou
14%
Kangourex
14%
Kecleon
14%
Krabboss
14%
Nageur Pablo Krabby
14%
Topdresseur Gaëlle Lainergie
14%
Laporeille
14%
Mustébouée
14%
Pkmn Ranger Cyprien Noeunoeuf
14%
Topdresseur Clarisse Ossatueur
14%
Papilord
14%
Persian
14%
Pharamp
14%
Topdresseur Claude Ramboum
14%
Sablaireau
14%
Topdresseur Michel Scarabrute
14%
Kinésiste Samantha Soporifik
14%
Pkmn Ranger Ismael Spinda
14%
Topdresseur Emilie Triopikeur
14%
Wailmer
14%
Aucun quiz correspondant
Distribution des résultats
% des personnes avec chaque résultat
Percentile par nombre de réponses
Votre historique - résultats
Vous n’avez pas pris ce quiz